Obras completas

Guardat en:
Dades bibliogràfiques
Autor principal: Baroja, Pio (Autor)
Format: Llibre
Idioma:espanyol
Publicat: Madrid Biblioteca Nueva 1946
Edició:1a. ed
Matèries:
Etiquetes: Afegir etiqueta
Sense etiquetes, Sigues el primer a etiquetar aquest registre!

MARC

LEADER 00000cam a2200000 a 4500
001 UCU9357
003 CL-VaPUC
008 960816e19460000SP |||||||||||||||||spa|d
082 0 4 |a 863  |b BAR  |2 21 
100 0 |a Baroja, Pio  |e author  |9 322211 
245 1 0 |a Obras completas 
250 |a 1a. ed 
300 |a v 
942 |c BK 
945 |d 19960816 00:00:00  |a rbrito 
260 |a Madrid  |b Biblioteca Nueva  |c 1946 
650 0 |a Novelas españolas  |9 265052 
583 |a last modification  |c 20180518 10:40:33  |k Rodrigo Vera 
999 |c 251116  |d 251114 
952 |0 0  |1 0  |4 0  |6 863_000000000000000_BAR_1946  |7 0  |8 A  |9 270062  |a BIBEDU  |b BIBEDU  |d 2019-11-19  |h v.2  |i 3220818  |o 863 BAR 1946  |p 3220818  |r 2019-11-19  |w 2019-11-19  |y BK  |k LIT 
952 |0 0  |1 0  |4 0  |6 863_000000000000000_BAR_1946  |7 0  |8 A  |9 270063  |a BIBEDU  |b BIBEDU  |d 2019-11-19  |h v.3  |i 3220826  |o 863 BAR 1946  |p 3220826  |r 2019-11-19  |w 2019-11-19  |y BK  |k LIT 
952 |0 0  |1 0  |4 0  |6 863_000000000000000_BAR_1946  |7 0  |8 A  |9 270064  |a BIBEDU  |b BIBEDU  |d 2019-11-19  |h v.4  |i 3220834  |o 863 BAR 1946  |p 3220834  |r 2019-11-19  |w 2019-11-19  |y BK  |k LIT 
952 |0 0  |1 0  |4 0  |6 863_000000000000000_BAR_1946  |7 0  |8 A  |9 270065  |a BIBEDU  |b BIBEDU  |d 2019-11-19  |h v.5  |i 3220842  |o 863 BAR 1946  |p 3220842  |r 2019-11-19  |w 2019-11-19  |y BK  |k LIT 
952 |0 0  |1 0  |3 erd  |4 0  |6 863_000000000000000_BAR_1946  |7 0  |8 A  |9 270066  |a BIBEDU  |b BIBEDU  |h v.8  |i 5437598  |o 863 BAR 1946  |p 5437598  |r 2019-11-19  |w 2019-11-19  |y BK  |z Catalogado en:20171117  |k FIL 
952 |0 0  |1 0  |3 erd  |4 0  |6 863_000000000000000_BAR_1946  |7 0  |8 A  |9 270067  |a BIBEDU  |b BIBEDU  |h v.1  |i 5470994  |l 2  |m 2  |o 863 BAR 1946  |p 5470994  |r 2024-12-12  |s 2024-12-02  |w 2019-11-19  |y BK  |z Catalogado en:20180527  |k LIT 
952 |0 0  |1 0  |3 erd  |4 0  |6 863_000000000000000_BAR_1946  |7 0  |8 A  |9 270068  |a BIBEDU  |b BIBEDU  |h v.2  |i 5471001  |o 863 BAR 1946  |p 5471001  |r 2019-11-19  |w 2019-11-19  |y BK  |z Catalogado en:20180527  |k LIT 
952 |0 0  |1 0  |3 erd  |4 0  |6 863_000000000000000_BAR_1946  |7 0  |8 A  |9 270069  |a BIBEDU  |b BIBEDU  |h v.3  |i 547101K  |o 863 BAR 1946  |p 547101K  |r 2019-11-19  |w 2019-11-19  |y BK  |z Catalogado en:20180527  |k LIT 
952 |0 0  |1 0  |3 erd  |4 0  |6 863_000000000000000_BAR_1946  |7 0  |8 A  |9 270070  |a BIBEDU  |b BIBEDU  |h v.4  |i 5471028  |o 863 BAR 1946  |p 5471028  |r 2019-11-19  |w 2019-11-19  |y BK  |z Catalogado en:20180527  |k LIT 
952 |0 0  |1 0  |3 erd  |4 0  |6 863_000000000000000_BAR_1946  |7 0  |8 A  |9 270071  |a BIBEDU  |b BIBEDU  |h v.5  |i 5471036  |o 863 BAR 1946  |p 5471036  |r 2019-11-19  |w 2019-11-19  |y BK  |z Catalogado en:20180527  |k LIT 
952 |0 0  |1 0  |3 erd  |4 0  |6 863_000000000000000_BAR_1946  |7 0  |8 A  |9 270072  |a BIBEDU  |b BIBEDU  |h v.6  |i 5471044  |o 863 BAR 1946  |p 5471044  |r 2019-11-19  |w 2019-11-19  |y BK  |z Catalogado en:20180527  |k LIT 
952 |0 0  |1 0  |3 erd  |4 0  |6 863_000000000000000_BAR_1946  |7 0  |8 A  |9 270073  |a BIBEDU  |b BIBEDU  |h v.7  |i 5471052  |o 863 BAR 1946  |p 5471052  |r 2019-11-19  |w 2019-11-19  |y BK  |z Catalogado en:20180527  |k LIT